|
|
|
|
| LEADER |
00000nam a22000007a 4500 |
| 005 |
20190924132557.0 |
| 007 |
cr|||| |||| |
| 008 |
190924s2016 co |||||s|||| 00||0 spa d |
| 020 |
|
|
|a 978-958-8934-42-6
|
| 035 |
|
|
|a 22102
|
| 040 |
|
|
|a vLex
|
| 090 |
|
|
|c 9632
|d 9632
|
| 100 |
1 |
|
|a Fernǹdez, Mn̤ica
|
| 245 |
1 |
0 |
|a Fundamentos contemporǹeos del derecho pb︢lico
|h [Recurso electrn̤ico] :
|b transformaciones necesarias /
|c Mn̤ica Fernǹdez
|
| 256 |
|
|
|a Servicio en ln̕ea
|
| 260 |
|
|
|a Bogot:̀
|b Universidad Catl̤ica de Colombia,
|c 2016
|
| 300 |
|
|
|a 1 recurso electrn̤ico
|
| 506 |
1 |
|
|a Disponible solo en los productos indicados
|d vLex Global
|d vLex Global (Academic Edition, excluding Law Schools)
|d vLex Global (U.S. Academic Edition, Law Schools)
|d vLex Global (U.S. Academic Edition, excluding Law Schools)
|d vLex Global (Academic Edition, Law Schools)
|
| 650 |
0 |
4 |
|a Derecho Pb︢lico y Administrativo
|z Colombia
|
| 740 |
0 |
|
|a vLex Libros (Servicio en ln̕ea)
|
| 856 |
4 |
0 |
|u http://vlex.com/source/fundamentos-contemporaneos-derecho-publico-transformaciones-necesarias-22102
|z Acceso restringido
|
| 942 |
|
|
|c BOOK
|
| 999 |
0 |
|
|a Public and Administrative Law
|